Padmarajante Kathakal Sampoornam (Record no. 118418)
[ view plain ]
| 000 -LEADER | |
|---|---|
| fixed length control field | 00421nam a2200121Ia 4500 |
| 008 - FIXED-LENGTH DATA ELEMENTS--GENERAL INFORMATION | |
| fixed length control field | 211119s9999||||xx |||||||||||||| ||und|| |
| 082 ## - DEWEY DECIMAL CLASSIFICATION NUMBER | |
| Classification number | 894.812 3 |
| Item number | PAD-P |
| 100 ## - MAIN ENTRY--PERSONAL NAME | |
| Personal name | Padmarajan, P |
| 245 #0 - TITLE STATEMENT | |
| Title | Padmarajante Kathakal Sampoornam |
| 260 ## - PUBLICATION, DISTRIBUTION, ETC. | |
| Name of publisher, distributor, etc. | D c Books |
| Place of publication, distribution, etc. | Kottayam |
| Date of publication, distribution, etc. | 2009 |
| 650 ## - SUBJECT ADDED ENTRY--TOPICAL TERM | |
| Topical term or geographic name entry element | Literature & rhetoric |
| 942 ## - ADDED ENTRY ELEMENTS (KOHA) | |
| Koha item type | BOOK |
| 650 ## - SUBJECT ADDED ENTRY--TOPICAL TERM | |
| Form subdivision | Literatures of other languagesAltaic, Uralic, Hyperborean & Dravidian Malayalam |
| General subdivision | General stack |
| Withdrawn status | Lost status | Source of classification or shelving scheme | Damaged status | Not for loan | Home library | Current library | Date acquired | Cost, normal purchase price | Total Checkouts | Full call number | Barcode | Shelving location | Date last seen | Date last checked out | Price effective from | Koha item type |
|---|---|---|---|---|---|---|---|---|---|---|---|---|---|---|---|---|
| Dewey Decimal Classification | SB LIBRARY | SB LIBRARY | 19/11/2021 | 275.00 | 3 | 894.8123 PAD-P | 00131904 | GENERAL STACK | 13/03/2026 | 24/02/2026 | 19/11/2021 | BOOK |